[Event "Sharjah Blitz op 27th"]
[Site "Sharjah"]
[Date "2022.04.08"]
[Round "1"]
[White "Pradeepkumar, Mithran"]
[Black "Zubarev, Alexander2222"]
[Result "0-1"]
[WhiteElo "1190"]
[BlackElo "2372"]
[PlyCount "80"]
[EventDate "2022.04.08"]
[EventType "swiss (blitz)"]
[EventRounds "9"]
[EventCountry "UAE"]
[SourceTitle "CBM 207 Extra"]
[Source "ChessBase"]
[SourceDate "2022.05.31"]
[SourceVersion "1"]
[SourceVersionDate "2022.05.31"]
[SourceQuality "1"]

1. c4 e5 2. Nc3 Bb4 3. g3 Bxc3 4. dxc3 Nc6 5. Bg2 d6 6. b3 Nge7 7. e4 0-0 8. Ne2 f5 9. 0-0 Be6 10. Bg5 Qd7 11. Qd3 Ng6 12. Rad1 f4 13. c5 h6 14. Bh4 Qf7 15. f3 dxc5 16. c4 b6 17. Qc3 Nd4 18. Nxd4 cxd4 19. Qb4 c5 20. Qd2 Kh7 21. Qd3 Rg8 22. Rf2 Nxh4 23. gxh4 Qh5 24. Qf1 Qxh4 25. Kh1 g5 26. Rd3 Rg7 27. h3 g4 28. fxg4 Bxg4 29. Kh2 Be6 30. Rff3 Rag8 31. Rd2 Rg3 32. Kh1 Bxh3 33. Bxh3 Rg1+ 34. Qxg1 Rxg1+ 35. Kxg1 Qe1+ 36. Rf1 Qxd2 37. Bf5+ Kg7 38. Rf2 Qe3 39. Kf1 f3 40. Bg4 Qc1# 0-1